01474nam a2200385 a 450000100060000000300080000600500170001400600190003100700150005000800410006502000180010603500230012403500240014703500250017103500210019604000260021705000250024308000130026808200170028124501290029826001100042730000090053753301640054665000310071065000480074165000460078965300260083565300410086165500270090270000250092970000360095471000190099085600620100999900170107128274FlNmELB20241216220040.0m o d | cr cn|||||||||201009r2006 mx |||||s|||||||||||spa d z9789703236473 a(MiAaPQ)EBC3190891 a(Au-PeEL)EBL3190891 a(CaPaEBR)ebr10418156 a(OCoLC)929293390 aFlNmELBbspacFlNmELB 4aK3611.A77bC386 2006 a575(094)04a344.041922100aCódigo de leyes sobre genéticah[recurso electronico] /cIngrid Brena Sesma, Carlos María Romeo Casabona compiladores. aMéxico :bInstituto de Investigaciones Jurídicas, Universidad Nacional Autónoma de México,c2006. a3 v. aRecurso electrónico. Santa Fe, Arg.: e-libro, 2015. Disponible vía World Wide Web. El acceso puede estar limitado para las bibliotecas afiliadas a e-libro. 0aGenéticaxLegislación. 0aIngeniería genéticaxAspectos éticos. 0aGenetic engineeringxLaw and legislation. aGeneticaaLegislacion aIngenieria geneticaaAspectos eticos 4aLibros electrónicos.1 aBrena Sesma, Ingrid.1 aRomeo Casabona, Carlos María.2 ae-libro, Corp.40uhttps://elibro.net/ereader/politecnicointernacional/74542 c28274d28274